000 00493nam a22001937a 4500
005 20251113154745.0
008 251113b |||||||| |||| 00| 0 eng d
020 _a9788197642746
040 _cILCL
041 _2eng
_aeng
084 _aZ2,801 R5.3
100 _aRao, Narayan Laxman
_9851266
245 _aCommentary on the Code of Civil Procedure,1908
250 _a3
260 _aHyderabad
_bAsia Law House
_c2025
300 _a100, 2081-3293p.
490 _v3
942 _2CC
_cTB
999 _c1465369
_d1465369